| 000 | 00479nam a22001937a 4500 | ||
|---|---|---|---|
| 999 |
_c531990 _d531990 |
||
| 003 | NUST | ||
| 005 | 20191106094128.0 | ||
| 008 | 170616b xxu||||| |||| 00| 0 eng d | ||
| 020 | _a9382226772 | ||
| 038 | _aMSOHAIL | ||
| 040 | _c0 | ||
| 082 | _a589.75 ALI | ||
| 100 |
_aAlille,Alexandra _92797 |
||
| 245 |
_aAgriculture and Water Management _cAlexandra Alille |
||
| 260 |
_aNew Delhi _bRandom Exports _c2013 |
||
| 300 | _a320p. | ||
| 500 | _aH.B | ||
| 942 |
_2ddc _cBK _kIESE |
||